000 00847cpcaa22002417a 4500
001 mm 79004299
003 DLC
005 20260227111645.0
008 790906|||||||||||| eng
010 _amm 79004299
040 _aDLC
_cDLC
_edacs
_dDLC
072 7 _aC
_2lcmd
245 0 0 _aBattle of New Orleans descriptive account,
_f1814-1815.
300 _a1
_fitem.
506 0 _aOpen to research.
533 _aTypewritten transcript.
_b[S.l.].
546 _aCollection material in English.
580 _aForms part of: Miscellaneous Manuscripts collection.
650 0 _aNew Orleans, Battle of, New Orleans, La., 1815.
651 0 _aLouisiana
_xHistory
_yWar of 1812.
999 _c41479
_d41479